000 00615nam a2200229Ia 4500
003 OSt
005 20220926045608.0
006 a|||||r|||| 00| 0
007 ta
008 220923b |||||||| |||| 00| 0 eng d
037 _cGeneral Book
040 _aRTL
_cRTL
_beng
041 _2eng
_aeng
082 _aX:576.44q7.N67<--N66, K7
110 _aMinistry of Finance
_9349510
245 0 _aPakistan's Balance of Payments
260 _c1967
300 _a65p
_ccm.
700 _aMinistry of Finance
_9349511
942 _hX:576.44q7.N67<--N66, K7
_cGB
_2CC
999 _c678031
_d678031